| 000 | 01423nam a22002177a 4500 | ||
|---|---|---|---|
| 999 |
_c63011 _d63011 |
||
| 003 | Ge_BSU | ||
| 005 | 20250502161430.0 | ||
| 008 | 250502s2009 ge ||||| |||| 00| 0 geo d | ||
| 020 | _a9789941412080 | ||
| 041 | _ageo | ||
| 080 | _a633.72:631.445.62 ც-37 | ||
| 100 |
_aცენტერაძე, იამზე _925002 |
||
| 245 |
_aანთროპოგენური ფაქტორების გავლენა ჩაის პლანტაციებში წითელმიწების აგროფიზიკურ თვისებებზე : _bეძღვნება მიხეილ დარასელიას ხსოვნას : [მონოგრაფია] / _c იამზე ცენტერაძე ; [რედ. ვალერიან ცანავა]. |
||
| 264 |
_aბათუმი : _bშოთა რუსთაველის სახელმწ. უნ-ტის გამ-ბა, _c2009. |
||
| 300 |
_a144გვ. : _bცხრ., სურ., ნახ. ; _c19 სმ. |
||
| 504 | _aბიბლიოგრ.: გვ. 122-130. | ||
| 520 | _a რეზ. რუს. და ინგლ. | ||
| 653 | _aჩაის პლანტაციების წითელმიწა ნიადაგები | ||
| 700 |
_aცანავა, ვალერიან _e რედაქტორი _923 |
||
| 942 |
_2udc _cᲬᲘᲒᲜᲘ |
||